Practical application of remote sensing in forestry : (Record no. 10562)
[ view plain ]
| 000 -LEADER | |
|---|---|
| fixed length control field | 01420nam a2200313 4500 |
| 001 - CONTROL NUMBER | |
| control field | 000 |
| 005 - DATE AND TIME OF LATEST TRANSACTION | |
| control field | 20150622095455.0 |
| 007 - PHYSICAL DESCRIPTION FIXED FIELD--GENERAL INFORMATION | |
| fixed length control field | 000 |
| 008 - FIXED-LENGTH DATA ELEMENTS--GENERAL INFORMATION | |
| fixed length control field | 000 |
| 010 ## - LIBRARY OF CONGRESS CONTROL NUMBER | |
| LC control number | 86017942 |
| 020 ## - INTERNATIONAL STANDARD BOOK NUMBER | |
| International Standard Book Number | 9024733928 |
| 040 ## - CATALOGING SOURCE | |
| Original cataloging agency | UOEL |
| Transcribing agency | DLC |
| Modifying agency | DLC |
| 050 00 - LIBRARY OF CONGRESS CALL NUMBER | |
| Classification number | SD387.R4 |
| Item number | P73 1986 |
| 082 00 - DEWEY DECIMAL CLASSIFICATION NUMBER | |
| Classification number | 634.9/028 |
| Edition number | 19 |
| 245 00 - TITLE STATEMENT | |
| Title | Practical application of remote sensing in forestry : |
| Remainder of title | proceedings of a seminar on the practical application of remote sensing in forestry, Jönköping, May 1985, under the auspices of the Joint FAO/ECE Working Party on Forest Economics and Statistics and the Swedish National Board of Forestry under the Ministry of Agriculture / |
| Statement of responsibility, etc | edited by Sune Sohlberg, Viatcheslav E. Sokolov. |
| 260 ## - PUBLICATION, DISTRIBUTION, ETC. (IMPRINT) | |
| Place of publication, distribution, etc | Dordrecht ; |
| -- | Boston : |
| Name of publisher, distributor, etc | M. Nijhoff, |
| Date of publication, distribution, etc | c1986. |
| 300 ## - PHYSICAL DESCRIPTION | |
| Extent | xvii, 205 p. : |
| Other physical details | ill. (some col.) ; |
| Dimensions | 25 cm. |
| 440 #0 - SERIES STATEMENT/ADDED ENTRY--TITLE | |
| Title | Forestry sciences |
| 500 ## - GENERAL NOTE | |
| General note | "Seminar on the Practical Application of Remote Sensing in Forestry"--Frwd. |
| 504 ## - BIBLIOGRAPHY, ETC. NOTE | |
| Bibliography, etc | Includes bibliographies. |
| 650 #0 - SUBJECT ADDED ENTRY--TOPICAL TERM | |
| Topical term or geographic name as entry element | Forests and forestry |
| General subdivision | Remote sensing |
| -- | Congresses. |
| 700 1# - ADDED ENTRY--PERSONAL NAME | |
| Personal name | Sohlberg, Sune. |
| Personal name | Sokolov, Viatcheslav E. |
| 710 2# - ADDED ENTRY--CORPORATE NAME | |
| Corporate name or jurisdiction name as entry element | Joint FAO/ECE Working Party on Forest Economics and Statistics. |
| Corporate name or jurisdiction name as entry element | Sweden. |
| Subordinate unit | Skogsstyrelsen. |
| 711 2# - ADDED ENTRY--MEETING NAME | |
| Meeting name or jurisdiction name as entry element | Seminar on the Practical Application of Remote Sensing in Forestry |
| Date of meeting | (1985 : |
| Location of meeting | Jönköping, Sweden) |
| 906 ## - LOCAL DATA ELEMENT F, LDF (RLIN) | |
| a | 7 |
| b | cbc |
| c | orignew |
| d | 1 |
| e | ocip |
| f | 19 |
| g | y-gencatlg |
| 942 ## - ADDED ENTRY ELEMENTS (KOHA) | |
| Source of classification or shelving scheme | Library of Congress Classification |
| Item type | Loan - Normal on open shelf |
| Withdrawn status | Lost status | Source of classification or shelving scheme | Damaged status | Not for loan | Home library | Current library | Shelving location | Date acquired | Total Checkouts | Full call number | Barcode | Date last seen | Copy number | Price effective from | Koha item type |
|---|---|---|---|---|---|---|---|---|---|---|---|---|---|---|---|
| Library of Congress Classification | UOE Main Library | UOE Main Library | Open shelf | 22/06/2015 | SD387.R4 P73 1986 | 20139888 | 27/04/2026 | 20139888 | 22/06/2015 | Loan - Normal on open shelf |
